000 00911nam a2200253 a 4500
001 000004639
005 20200929151456.0
008 090724s2004 xxua 001 0 spa d
020 _a0292702310
040 _aDO-SdBNP
082 _a780.972
_bP371m
100 1 _aPedelty, Mark
_913523
245 1 0 _aMusical ritual in Mexico City :
_bfrom de Aztec to nafta /
_cMark Pedelty.
260 _aAustin, Texas :
_bUniversity of Texas Press,
_c2004.
300 _a340 p. :
_bil. ;
_c24 cm.
500 _aIncluye índice
500 _aIncluye referencias bibliográficas ( p. 321-333)
650 4 _aMúsica
_zMéxico
_xHistoria y crítica
_913524
650 4 _aMúsica
_xAspectos religiosos
_913525
650 4 _aRitos y cereminias
_zMéxico
_913526
651 4 _aCiudad De México (México{Rpara}
_xCivilización
_913527
651 4 _aCiudad De México (México{Rpara}
_xVida Social Y Costumbres
_913528
049 _aBNPD
999 _c4446
_d4446